000 00500nam a2200181Ia 4500
008 240925s9999 xx 000 0 und d
020 _a9789332552432
082 _a629.8955133 BLU
100 _aBlum, Richard
245 0 _aSams Teach Yourself Arduino Programming in 24 Hours
250 _aNA
260 _aNew Delhi:
_bPearson Education
_c,2015.
300 _aVarious pages
_b0
_fOriginal
500 _aIncludes Index
600 _aElectronic Engineering
650 _aTechnology
942 _cBK
999 _c13910
_d13910